[Event "WYb14"]
[Site "Heraklio GRE"]
[Date "2002.11.18"]
[Round "5"]
[White "Bluvshtein,M"]
[Black "Malinovsky,K"]
[Result "1/2-1/2"]
[WhiteElo "2449"]
[BlackElo "2179"]
[EventDate "2002.11.15"]

1. e4 e5 2. Nf3 Nc6 3. Bb5 f5 4. Nc3 fxe4 5. Nxe4 d5 6. Nxe5 dxe4 7. Nxc6
Qg5 8. Nd4+ c6 9. Bf1 Qe5 10. c3 Bc5 11. Nc2 Bf5 12. Qe2 Bd6 13. Ne3 O-O-O
14. b3 Nf6 15. Bb2 Bg6 16. O-O-O Rhf8 17. g3 Bc5 18. Bh3+ Kb8 19. Rhf1 Rd3
20. Kb1 Rfd8 21. Ka1 Qh5 22. Qxh5 Bxh5 23. Rde1 Rxd2 24. Bc1 R2d3 25. Kb2
b5 26. g4 Bg6 27. Bg2 b4 28. cxb4 Bxb4 29. Re2 Bd2 30. Nc4 Bxc1+ 31. Kxc1
Nxg4 32. Bxe4 Bxe4 33. Rxe4 R3d4 34. Rxd4 Rxd4 35. h3 Nf6 36. Re1 Re4 37.
Kd2 Rxe1 38. Kxe1 Nd5 39. Kd2 Kc7 40. Ne3 Nf4 41. h4 1/2-1/2

[Event "WYb14"]
[Site "Heraklio GRE"]
[Date "2002.11.18"]
[Round "5"]
[White "Fier,A"]
[Black "Lenic,L"]
[Result "0-1"]
[WhiteElo "2205"]
[BlackElo "2257"]
[EventDate "2002.11.15"]

1. e4 c5 2. Nf3 Nc6 3. d4 cxd4 4. Nxd4 e5 5. Nb5 d6 6. a4 Be7 7. N1c3 a6 8.
Na3 Be6 9. Bc4 Nf6 10. Bxe6 fxe6 11. g4 O-O 12. g5 Ne8 13. Qg4 Nc7 14. Be3
d5 15. Bb6 Nd4 16. Rd1 Rf4 17. Qh3 Bxa3 18. bxa3 Rf3 19. Qxf3 Nxf3+ 20. Ke2
Nd4+ 21. Kf1 Qd6 22. Bxd4 exd4 23. Rxd4 Rf8 24. Rd3 Qc5 25. f3 dxe4 26.
Nxe4 Qxc2 27. Nf2 Nd5 28. h4 Nf4 29. Re3 Rd8 30. Re1 Rd2 31. Ne4 Qd3+ 0-1

[Event "WYb14"]
[Site "Heraklio GRE"]
[Date "2002.11.18"]
[Round "5"]
[White "Rohit,G"]
[Black "Nikhilesh,K"]
[Result "1-0"]
[WhiteElo "2319"]
[BlackElo "2182"]
[EventDate "2002.11.15"]

1. e4 c5 2. Nf3 Nc6 3. d4 cxd4 4. Nxd4 Nf6 5. Nc3 d6 6. Bg5 Bd7 7. Be2 e6
8. Ndb5 Qb8 9. a4 Be7 10. O-O a6 11. Na3 Qc7 12. Be3 Rb8 13. f4 O-O 14. g4
d5 15. exd5 Nxd5 16. Nxd5 exd5 17. Qxd5 Rfe8 18. Rfd1 Bf6 19. Qxd7 Qxd7 20.
Rxd7 Rxe3 21. Bc4 Re4 22. Bxf7+ Kh8 23. Rf1 Bxb2 24. Nc4 Bd4+ 25. Kh1 Re2
26. Nd6 Rd8 27. Rxd8+ Nxd8 28. Bb3 g6 29. Rd1 Nc6 30. Nf7+ Kg7 31. Ng5 Kf6
32. Bd5 Be3 33. Bf3 Rxc2 34. Rd6+ Kg7 35. Rd7+ Kf8 36. Nxh7+ Ke8 37. Nf6+
Kf8 38. Bd5 Ne7 39. Rd8+ Kg7 40. Ne8+ Kh7 41. Rd7 Bc5 42. Bxb7 Kg8 43. Nf6+
Kf7 44. Ne4 Ke6 45. Rc7 Rc1+ 46. Kg2 Rg1+ 47. Kf3 Bb6 48. Rc2 Rf1+ 49. Kg3
Ra1 50. Bxa6 Rxa4 51. Bc4+ Kd7 52. Bb5+ 1-0

[Event "WYb14"]
[Site "Heraklio GRE"]
[Date "2002.11.18"]
[Round "5"]
[White "Rodshtein,M"]
[Black "Brkic,A"]
[Result "1/2-1/2"]
[WhiteElo "2221"]
[BlackElo "2372"]
[EventDate "2002.11.15"]

1. c4 Nf6 2. Nc3 c5 3. g3 Nc6 4. Bg2 e6 5. Nf3 a6 6. O-O Be7 7. b3 h5 8.
Bb2 O-O 9. d4 cxd4 10. Nxd4 h4 11. Qd2 hxg3 12. hxg3 Qa5 13. Ne4 Nxe4 14.
Qxa5 Nxa5 15. Bxe4 Rb8 16. Rac1 f5 17. Bg2 b6 18. Rfd1 Bb7 19. Nf3 Bxf3 20.
Bxf3 Rfd8 21. e4 fxe4 22. Bxe4 Kf7 23. Rd3 Nb7 24. Rf3+ Bf6 25. g4 Nc5 26.
Bc2 Ke7 27. Ba3 a5 28. Rd1 Rf8 29. Rfd3 Rb7 30. f4 g5 31. f5 Be5 32. fxe6
dxe6 33. Re3 Bf4 34. Rh3 Rf7 35. Rh8 Be3+ 36. Kh1 Rd7 37. Rxd7+ 1/2-1/2

[Event "WYb14"]
[Site "Heraklio GRE"]
[Date "2002.11.18"]
[Round "5"]
[White "Matveev,M"]
[Black "Bykhovsky,An ISR"]
[Result "1-0"]
[WhiteElo "2146"]
[BlackElo "2306"]
[EventDate "2002.11.15"]

1. e4 c5 2. Nf3 Nc6 3. d4 cxd4 4. Nxd4 Nf6 5. Nc3 e5 6. Ndb5 d6 7. a4 a6 8.
Na3 Be6 9. Bc4 Rc8 10. O-O Be7 11. Bg5 Nd4 12. Bxf6 gxf6 13. Nd5 Rg8 14. c3
Nc6 15. Qd3 Rg4 16. Rfd1 Bf8 17. Ne3 Rh4 18. g3 Rh5 19. Bxe6 fxe6 20. Nac4
Rc7 21. Nxd6+ Bxd6 22. Qxd6 Qxd6 23. Rxd6 Ke7 24. Rd3 Na5 25. b4 Nc4 26.
Nxc4 Rxc4 27. Rad1 Rc7 28. b5 axb5 29. axb5 b6 30. Rd6 Rxc3 31. Rxb6 f5 32.
Rb7+ Kf6 33. Rb8 Rb3 34. b6 Ke7 35. b7 fxe4 36. Rg8 1-0

[Event "WYb14"]
[Site "Heraklio GRE"]
[Date "2002.11.18"]
[Round "5"]
[White "Margolin,E"]
[Black "Sengupta,D"]
[Result "0-1"]
[WhiteElo "2206"]
[BlackElo "2285"]
[EventDate "2002.11.15"]

1. Nf3 c5 2. c4 Nc6 3. d4 cxd4 4. Nxd4 e6 5. Nc3 a6 6. Nc2 Nf6 7. e4 Qc7 8.
Be2 b6 9. O-O Bb7 10. b3 d6 11. Be3 Ne5 12. f4 Ned7 13. f5 Nc5 14. fxe6
fxe6 15. Bh5+ g6 16. Rxf6 Bg7 17. Rxg6 hxg6 18. Bxg6+ Kd7 19. Nd4 Be5 20.
h3 Rag8 21. Qg4 Qd8 22. Rf1 Qh4 23. Qf3 Kc8 24. Bf7 Rg3 25. Bxe6+ Nxe6 26.
Qf5 Rxg2+ 0-1

[Event "WYb14"]
[Site "Heraklio GRE"]
[Date "2002.11.18"]
[Round "5"]
[White "Noroozi,O"]
[Black "Amin,B"]
[Result "0-1"]
[WhiteElo "2075"]
[BlackElo "2269"]
[EventDate "2002.11.15"]

1. c4 e6 2. Nc3 f5 3. g3 Nf6 4. Bg2 Bb4 5. Nf3 O-O 6. O-O d6 7. d4 Bxc3 8.
bxc3 Nbd7 9. Rb1 Rb8 10. Ba3 Qe7 11. Qb3 c5 12. Rfe1 Ne4 13. Rbd1 b6 14.
Nd2 Nxd2 15. Rxd2 e5 16. dxe5 dxe5 17. Bd5+ Kh8 18. Red1 e4 19. Bc1 f4 20.
gxf4 Nf6 21. f3 exf3 22. Bxf3 Bg4 23. Qc2 Qe3+ 24. Kg2 Qxf4 25. Rd4 Bxf3+
26. exf3 Qc7 27. Bf4 Qb7 28. Bxb8 cxd4 29. Bd6 Ng4 30. Qe2 Ne3+ 31. Kg1
Qxf3 32. Qxf3 Rxf3 33. Re1 d3 0-1

[Event "WYb14"]
[Site "Heraklio GRE"]
[Date "2002.11.18"]
[Round "5"]
[White "Mamedov,Rau"]
[Black "Szabo,K"]
[Result "1-0"]
[WhiteElo "2366"]
[BlackElo "2223"]
[EventDate "2002.11.15"]

1. e4 c5 2. Nf3 d6 3. d4 cxd4 4. Nxd4 Nf6 5. Nc3 a6 6. Be3 e6 7. f3 b5 8.
g4 Nfd7 9. Qd2 Nb6 10. O-O-O Bb7 11. Bd3 N8d7 12. Kb1 Rc8 13. g5 Ne5 14.
Qe1 Be7 15. h4 Nbc4 16. Bc1 Qb6 17. Nce2 d5 18. Qg3 O-O 19. h5 Bc5 20. Bxc4
Nxc4 21. g6 h6 22. gxf7+ Rxf7 23. e5 Qc7 24. f4 Re8 25. Qg6 Bc8 26. Rhg1
Kh8 27. Rg3 Qe7 28. b3 Nb6 29. f5 exf5 30. Nf4 Bxd4 31. Rxd4 Be6 32. Bd2
Qd7 33. Bb4 Nc8 34. Rc3 Na7 35. Bd6 Nc6 36. Rxc6 Qxc6 37. Nxe6 Qd7 38. Nc5
Qa7 39. e6 1-0

[Event "WYb14"]
[Site "Heraklio GRE"]
[Date "2002.11.18"]
[Round "5"]
[White "Boros,De"]
[Black "Chau,O"]
[Result "1-0"]
[WhiteElo "2343"]
[BlackElo "2137"]
[EventDate "2002.11.15"]

1. e4 e5 2. Nf3 Nc6 3. Bb5 a6 4. Ba4 Nf6 5. O-O b5 6. Bb3 Bc5 7. Qe2 d6 8.
c3 O-O 9. d3 h6 10. h3 Bb6 11. Be3 Bxe3 12. Qxe3 Ne7 13. Nbd2 Ng6 14. Rfe1
Nh5 15. Nf1 Nhf4 16. Ng3 Qf6 17. a4 Bd7 18. d4 Rab8 19. axb5 axb5 20. Ra6
Ra8 21. Rea1 Rxa6 22. Rxa6 Bc8 23. Ra7 Qd8 24. Kh2 Kh7 25. dxe5 dxe5 26.
Nxe5 Nxe5 27. Qxf4 Nd3 28. Qxc7 Qxc7 29. Rxc7 Nxf2 30. Bc2 Rd8 31. Kg1 Nd1
32. Rxc8 Rxc8 33. Bxd1 b4 34. Ne2 Rd8 35. Nd4 bxc3 36. bxc3 Rc8 37. Ne2 Rd8
38. Bb3 Rd2 39. Kf2 Kg8 40. Bd5 Kf8 41. Ke3 Rd1 42. c4 Ke7 43. c5 f5 44. c6
fxe4 45. Bxe4 Ra1 46. Nc3 Ra5 47. c7 Rc5 48. Nd5+ Kd6 49. Bf5 Kxd5 50. c8=Q
Rxc8 51. Bxc8 Ke5 52. Bb7 Kf6 53. Kf4 Kg6 54. Be4+ Kf7 55. Kf5 Kg8 56. Kg6
Kh8 57. Bd5 h5 58. Kxh5 1-0

[Event "WYb14"]
[Site "Heraklio GRE"]
[Date "2002.11.19"]
[Round "6"]
[White "Jojua,D"]
[Black "Bluvshtein,M"]
[Result "1/2-1/2"]
[WhiteElo "2208"]
[BlackElo "2449"]
[EventDate "2002.11.15"]

1. e4 c5 2. Nf3 d6 3. d4 cxd4 4. Nxd4 Nf6 5. Nc3 Nc6 6. Bg5 e6 7. Qd2 a6 8.
O-O-O Bd7 9. f4 h6 10. Bh4 Nxe4 11. Nxe4 Qxh4 12. Nxc6 Bxc6 13. Nxd6+ Bxd6
14. Qxd6 Bd5 15. Bd3 Rd8 16. Qe5 Qf6 17. Qxf6 gxf6 18. Rhg1 O-O 19. g4 Kg7
20. a3 Bc6 21. Kd2 e5 22. Ke3 Rfe8 23. fxe5 Rxe5+ 24. Kd2 Rd4 25. h3 Kf8
26. Rdf1 Ke7 27. Rf5 Rxf5 28. gxf5 Bd7 29. Rg4 Rd5 30. Rh4 Bxf5 31. Rxh6
Be6 32. Rh8 f5 33. Ke3 Kf6 34. Rb8 Rd7 35. Kf4 Rd4+ 36. Ke3 Rd7 37. Kf4
1/2-1/2

[Event "WYb14"]
[Site "Heraklio GRE"]
[Date "2002.11.19"]
[Round "6"]
[White "Sengupta,D"]
[Black "Bercys,S"]
[Result "1-0"]
[WhiteElo "2285"]
[BlackElo "2167"]
[EventDate "2002.11.15"]

1. e4 c5 2. Nf3 e6 3. d4 cxd4 4. Nxd4 Nc6 5. Nb5 d6 6. c4 a6 7. Nd4 Nf6 8.
Nc3 Be7 9. Be2 O-O 10. O-O Bd7 11. Be3 Rc8 12. Rc1 Qa5 13. f4 Nxd4 14. Qxd4
Bc6 15. a3 e5 16. Qd3 exf4 17. Bxf4 Rfe8 18. Nd5 Qd8 19. Bf3 b5 20. Qd4
Nxd5 21. exd5 Ba8 22. cxb5 Rxc1 23. Rxc1 axb5 24. Qa7 Bg5 25. Bxg5 Qxg5 26.
Rd1 h6 27. Qb6 Re3 28. Rf1 Re8 29. Qxb5 Qe3+ 30. Kh1 g6 31. h3 Kg7 32. a4
Re7 33. Qc4 Ra7 34. Ra1 Qe5 35. Rf1 Qxb2 36. Re1 Qf6 37. Qb4 Re7 38. Rxe7
Qxe7 39. a5 Bb7 40. Qc3+ f6 41. Qd2 h5 42. Kg1 Ba6 43. Kf2 Qa7+ 44. Qe3 Qc7
45. Qb6 Qxb6+ 46. axb6 Kf7 47. Be2 Bb7 48. Bb5 Bxd5 49. Bc4 1-0

[Event "WYb14"]
[Site "Heraklio GRE"]
[Date "2002.11.19"]
[Round "6"]
[White "Amin,B"]
[Black "Matveev,M"]
[Result "1-0"]
[WhiteElo "2269"]
[BlackElo "2146"]
[EventDate "2002.11.15"]

1. e4 d6 2. d4 Nf6 3. Nc3 g6 4. Bg5 c6 5. f4 Qb6 6. Qd2 Qxb2 7. Rb1 Qa3 8.
Nf3 Bg7 9. Bd3 Nbd7 10. O-O e5 11. Rb3 Qa5 12. Nb5 Qxd2 13. Nxd6+ Kf8 14.
Nxd2 exd4 15. Nxc8 Rxc8 16. Rxb7 h6 17. Bxf6 Nxf6 18. Bc4 Kg8 19. Bxf7+ Kh7
20. e5 Nd5 21. Ne4 Rhf8 22. Nd6 Rc7 23. Rxc7 Nxc7 24. Rb1 Nb5 25. Nxb5 Rxf7
26. Nd6 Rxf4 27. e6 d3 28. cxd3 Bd4+ 29. Kh1 Bf6 30. g3 Rd4 31. Ne4 Rxd3
32. Nxf6+ Kg7 33. e7 1-0

[Event "WYb14"]
[Site "Heraklio GRE"]
[Date "2002.11.19"]
[Round "6"]
[White "Sanikidze,T"]
[Black "Brodowski,P"]
[Result "1/2-1/2"]
[WhiteElo "2115"]
[BlackElo "2232"]
[EventDate "2002.11.15"]

1. e4 e6 2. d4 d5 3. Nc3 Nf6 4. Bg5 dxe4 5. Nxe4 Be7 6. Bxf6 Bxf6 7. Nf3
Nd7 8. Qd2 O-O 9. O-O-O b6 10. Qf4 Bb7 11. Bd3 Be7 12. h4 Nf6 13. c4 a6 14.
g4 b5 15. Nxf6+ Bxf6 16. g5 Be7 17. Kb1 Qd6 18. Qxd6 cxd6 19. Rh3 bxc4 20.
Bxc4 Rac8 21. b3 Rc7 22. d5 Bc8 23. Rhh1 Rc5 24. Rhe1 e5 25. Nd4 Bd7 26. f4
Rb8 27. Ka1 Bd8 28. fxe5 Ba5 29. Re3 dxe5 30. Ne2 f6 31. d6+ Kh8 32. Nc3
1/2-1/2

[Event "WYb14"]
[Site "Heraklio GRE"]
[Date "2002.11.19"]
[Round "6"]
[White "Mamedov,Rau"]
[Black "Thiruchelvam,M"]
[Result "1/2-1/2"]
[WhiteElo "2366"]
[BlackElo "2249"]
[EventDate "2002.11.15"]

1. e4 c6 2. d4 d5 3. Nd2 dxe4 4. Nxe4 Bf5 5. Ng3 Bg6 6. h4 h6 7. Nf3 Nd7 8.
h5 Bh7 9. Bd3 Bxd3 10. Qxd3 e6 11. Bd2 Ngf6 12. O-O-O Be7 13. Qe2 O-O 14.
Kb1 c5 15. Rhe1 Rc8 16. Bc1 cxd4 17. Nxd4 Qb6 18. Ka1 Bc5 19. c3 a5 20. Ne4
Nxe4 21. Qxe4 Nf6 22. Qf3 Rfd8 23. Nc2 Qc6 24. Qxc6 bxc6 25. Be3 Bxe3 26.
Nxe3 Nxh5 27. Nc4 Nf4 28. g3 Nd3 29. Rg1 a4 30. Kb1 Nc5 31. Kc2 Kf8 32. f3
Ke7 33. b4 axb3+ 34. axb3 Rxd1 35. Rxd1 Nd7 36. Ra1 e5 37. b4 Rc7 38. Ra6
h5 39. Na5 Kd6 40. Nc4+ Kd5 41. Ne3+ Ke6 42. c4 g5 43. c5 h4 44. gxh4 gxh4
45. Ra8 Rb7 46. Re8+ Kf6 47. Kc3 Rb8 48. Ng4+ Kg5 49. Re7 f5 50. Nf2 Kf4
51. Rxd7 Kxf3 52. Nd3 Re8 53. Rh7 e4 54. Rxh4 exd3 55. Kxd3 f4 56. Rh6 Rc8
57. Kc4 Kg2 1/2-1/2

[Event "WYb14"]
[Site "Heraklio GRE"]
[Date "2002.11.19"]
[Round "6"]
[White "Ragger,M"]
[Black "Meng,F"]
[Result "1-0"]
[WhiteElo "2211"]
[BlackElo "2313"]
[EventDate "2002.11.15"]

1. e4 e5 2. Nf3 Nc6 3. d4 exd4 4. Nxd4 Nf6 5. Nxc6 bxc6 6. e5 Qe7 7. Qe2
Nd5 8. c4 Ba6 9. b3 g6 10. f4 Bg7 11. Qf2 Nb6 12. Ba3 Qe6 13. Nd2 f6 14.
Ne4 d6 15. c5 fxe5 16. Bxa6 exf4 17. O-O-O d5 18. Ng5 Qf5 19. cxb6 Qxg5 20.
bxc7 f3+ 21. Qd2 Qh4 22. g3 Qh5 23. Qe3+ 1-0

[Event "WYb14"]
[Site "Heraklio GRE"]
[Date "2002.11.19"]
[Round "6"]
[White "Pokazanjev,N"]
[Black "Garcia,Jh"]
[Result "0-1"]
[WhiteElo "2331"]
[BlackElo "2126"]
[EventDate "2002.11.15"]

1. e4 c5 2. c3 d5 3. exd5 Qxd5 4. d4 cxd4 5. cxd4 Nc6 6. Nf3 Bg4 7. Be2 e6
8. Nc3 Qd8 9. O-O Nf6 10. d5 exd5 11. h3 Be6 12. Ng5 Bd6 13. Nb5 Bb8 14.
Nd4 Nxd4 15. Qxd4 O-O 16. Bd3 h6 17. Nf3 Ne4 18. Re1 Bf5 19. b3 Bc7 20. Bb2
f6 21. Qb4 Ba5 22. Qa3 Bxe1 23. Rxe1 Re8 24. Nd4 Bd7 25. Nf3 Ng5 26. Rxe8+
Qxe8 27. Nxg5 hxg5 28. Qa5 Qe6 29. Qd2 Re8 30. Bc3 Rc8 31. Bd4 a6 32. a4 b5
33. a5 Re8 34. Kf1 Qd6 35. Kg1 Qf4 36. Qxf4 gxf4 37. Kf1 f3 38. g4 Re7 0-1

[Event "WYb14"]
[Site "Heraklio GRE"]
[Date "2002.11.21"]
[Round "7"]
[White "Rohit,G"]
[Black "Ramirez,Al"]
[Result "1-0"]
[WhiteElo "2319"]
[BlackElo "2421"]
[EventDate "2002.11.15"]

1. e4 c5 2. Nf3 d6 3. d4 cxd4 4. Nxd4 Nf6 5. Nc3 g6 6. Be3 Bg7 7. f3 O-O 8.
Qd2 Nc6 9. Bc4 Bd7 10. O-O-O Rc8 11. Bb3 Ne5 12. Kb1 Re8 13. g4 b5 14. g5
Nh5 15. Ncxb5 Qb6 16. Nc3 Qb7 17. Nd5 Rb8 18. Qc1 a5 19. a4 Rbc8 20. Qd2
Nc4 21. Qd3 Nxe3 22. Qxe3 Rb8 23. Nc3 Qb6 24. Rhe1 Be5 25. Nd5 Qc5 26. f4
Bh8 27. e5 e6 28. Nf6+ Bxf6 29. gxf6 Rb4 30. exd6 Rc8 31. f5 Rxb3 32. cxb3
Nxf6 33. Rc1 Qxd6 34. Rxc8+ Bxc8 35. fxe6 fxe6 36. Qe5 Qe7 37. Nxe6 Qf7 38.
Qb8 Qb7 39. Qd6 Qf7 40. Qd8+ Qe8 41. Qxf6 1-0

[Event "WYb14"]
[Site "Heraklio GRE"]
[Date "2002.11.21"]
[Round "7"]
[White "Lenic,L"]
[Black "Sengupta,D"]
[Result "1-0"]
[WhiteElo "2257"]
[BlackElo "2285"]
[EventDate "2002.11.15"]

1. Nf3 c5 2. e4 Nc6 3. d4 cxd4 4. Nxd4 Nf6 5. Nc3 e5 6. Ndb5 d6 7. Bg5 a6
8. Bxf6 gxf6 9. Na3 b5 10. Nd5 f5 11. c3 Bg7 12. exf5 Bxf5 13. Qf3 Bd7 14.
Bd3 O-O 15. Bf5 Be6 16. Rd1 Rb8 17. Nc2 Ne7 18. Nxe7+ Qxe7 19. Nb4 Qg5 20.
Bxe6 fxe6 21. Qh3 a5 22. Nc6 Rbe8 23. Rxd6 Qc1+ 24. Rd1 Qxb2 25. O-O e4 26.
Rd7 Qxc3 27. Ne7+ Rxe7 28. Qxc3 Bxc3 29. Rxe7 e5 30. g3 a4 31. a3 Bd4 32.
Rb7 Rf3 33. Kg2 h6 34. g4 Rc3 35. h3 Rf3 36. h4 Rf4 37. g5 Rxh4 38. Rc1 Rf4
39. Rc8+ Rf8 40. Rxf8+ Kxf8 41. gxh6 Kg8 42. Rxb5 Kh7 43. Rb4 Kxh6 44. Rxa4
Kg6 45. Kf1 Kf6 46. Ra6+ Ke7 47. Ke2 Bc5 48. a4 Kd7 49. Rh6 Kc7 50. Rh4 Kc6
51. Rxe4 Kd5 52. f3 Bd6 53. Kd3 Bc5 54. a5 Bd6 55. Rc4 Bb8 56. a6 1-0

[Event "WYb14"]
[Site "Heraklio GRE"]
[Date "2002.11.21"]
[Round "7"]
[White "Bluvshtein,M"]
[Black "Amin,B"]
[Result "0-1"]
[WhiteElo "2449"]
[BlackElo "2269"]
[EventDate "2002.11.15"]

1. d4 f5 2. c4 e6 3. Nc3 Nf6 4. g3 Bb4 5. Bg2 O-O 6. Nf3 d6 7. O-O Bxc3 8.
bxc3 Nbd7 9. Rb1 Rb8 10. Qc2 c5 11. d5 Nb6 12. Rd1 e5 13. Nh4 Bd7 14. Nxf5
Ba4 15. Qd2 Bxd1 16. Qxd1 Nxc4 17. Bh3 b5 18. Qd3 e4 19. Qd1 Qe8 20. Ne3
Nxe3 21. Bxe3 a5 22. Be6+ Kh8 23. Qc2 Qg6 24. c4 b4 25. Qa4 Ng4 26. Bf4
Rxf4 0-1

[Event "WYb14"]
[Site "Heraklio GRE"]
[Date "2002.11.21"]
[Round "7"]
[White "Brkic,A"]
[Black "Ragger,M"]
[Result "1/2-1/2"]
[WhiteElo "2372"]
[BlackElo "2211"]
[EventDate "2002.11.15"]

1. Nf3 d5 2. d4 Nc6 3. Bf4 Bg4 4. e3 e6 5. c4 dxc4 6. Bxc4 Bd6 7. Bg3 Nf6
8. Nc3 O-O 9. Be2 a6 10. O-O Re8 11. Rc1 Bxg3 12. hxg3 e5 13. Nxe5 Nxe5 14.
dxe5 Bxe2 15. Nxe2 Rxe5 16. Qxd8+ Rxd8 17. Rxc7 Rd2 18. Nc1 b5 19. Rc3 h5
20. Ra3 Ne4 21. b4 Rf5 22. Nd3 g5 23. Kh2 Rd5 24. Nc5 1/2-1/2

[Event "WYb14"]
[Site "Heraklio GRE"]
[Date "2002.11.21"]
[Round "7"]
[White "Kononenko,D"]
[Black "Rodshtein,M"]
[Result "1/2-1/2"]
[WhiteElo "2376"]
[BlackElo "2221"]
[EventDate "2002.11.15"]

1. e4 e6 2. d4 d5 3. e5 c5 4. c3 Bd7 5. Nf3 Nc6 6. a3 c4 7. g3 Na5 8. Nbd2
Bc6 9. Bh3 Qd7 10. O-O Ba4 11. Qe2 Bc2 12. Ne1 Bg6 13. f4 h5 14. Qd1 Ne7
15. Ra2 Nf5 16. Ng2 Be7 17. Nf3 Nb3 18. Be3 O-O-O 19. Nd2 Nxe3 20. Nxe3
Nxd2 21. Qxd2 Bd3 22. Rf2 g5 23. f5 g4 24. Bf1 Be4 25. f6 Bf8 26. Bg2 Bg6
27. h3 gxh3 28. Bxh3 Bh6 29. Rh2 Rdg8 30. Qf2 Be4 31. Nf1 Rg5 32. Nd2 Bd3
33. Nf3 Rg6 34. Nh4 Rg5 35. Bg2 Rhg8 36. Rh3 Bf5 37. Nxf5 Rxf5 38. Bf3 h4
39. Rxh4 Be3 40. Qxe3 1/2-1/2

[Event "WYb14"]
[Site "Heraklio GRE"]
[Date "2002.11.21"]
[Round "7"]
[White "Boros,De"]
[Black "Malinovsky,K"]
[Result "1-0"]
[WhiteElo "2343"]
[BlackElo "2179"]
[EventDate "2002.11.15"]

1. e4 e5 2. Nf3 Nc6 3. Bb5 a6 4. Ba4 Nf6 5. O-O Be7 6. Qe2 b5 7. Bb3 O-O 8.
c3 d6 9. Rd1 Bg4 10. d3 Re8 11. h3 Bh5 12. Nbd2 Bf8 13. Nf1 h6 14. g4 Bg6
15. Nh4 Na5 16. Bc2 Kh7 17. Ng3 Ng8 18. Ng2 Kh8 19. f4 exf4 20. Nxf4 Be7
21. Be3 Bg5 22. Qf3 Nc6 23. d4 Bxf4 24. Bxf4 d5 25. Nf5 Nge7 26. e5 Qd7 27.
Bg3 Nd8 28. a4 Ne6 29. Bh4 Ng5 30. Bxg5 hxg5 31. axb5 axb5 32. Rxa8 Rxa8
33. Nxe7 Bxc2 34. Qxf7 Qe8 35. Rf1 Be4 36. e6 Qxf7 37. exf7 Rf8 38. Nc6 Kh7
39. Nd8 Kg6 40. Ne6 Rxf7 41. Nf8+ 1-0

[Event "WYb14"]
[Site "Heraklio GRE"]
[Date "2002.11.21"]
[Round "8"]
[White "Amin,B"]
[Black "Rohit,G"]
[Result "0-1"]
[WhiteElo "2269"]
[BlackElo "2319"]
[EventDate "2002.11.15"]

1. e4 c5 2. Nf3 d6 3. d3 Nf6 4. g3 g6 5. Bg2 Bg7 6. O-O O-O 7. c3 Nc6 8.
Re1 Bg4 9. Nbd2 d5 10. h3 Bxf3 11. Qxf3 Ne5 12. Qe3 d4 13. cxd4 Qxd4 14.
Qxd4 cxd4 15. Bf1 Nfd7 16. f4 Nc6 17. a3 Rac8 18. b4 e5 19. Nc4 b5 20. Nd6
Rb8 21. Bd2 Rb6 22. a4 a6 23. a5 Nxa5 24. bxa5 Rxd6 25. Bb4 Rf6 26. Bxf8
Bxf8 27. Rec1 exf4 28. Rc7 Ne5 29. gxf4 Rxf4 30. Ra7 Rf6 31. Rc1 Bb4 32.
Rc8+ Kg7 33. Rca8 Nf3+ 34. Kh1 Nh4 35. Kg1 Bd2 36. Be2 Be3+ 37. Kh1 Rf2 0-1

[Event "WYb14"]
[Site "Heraklio GRE"]
[Date "2002.11.21"]
[Round "8"]
[White "Ramirez,Al"]
[Black "Jojua,D"]
[Result "1/2-1/2"]
[WhiteElo "2421"]
[BlackElo "2208"]
[EventDate "2002.11.15"]

1. e4 c5 2. Nf3 e6 3. d4 cxd4 4. Nxd4 Nf6 5. Nc3 d6 6. Be2 Be7 7. O-O a6 8.
a4 Nc6 9. Be3 O-O 10. f4 Qc7 11. Kh1 Rd8 12. Qe1 Nxd4 13. Bxd4 e5 14. Be3
exf4 15. Bxf4 Be6 16. Qg3 Nd7 17. Bg4 Ne5 18. Bf5 g6 19. Bxe6 fxe6 20. Qh3
Qc8 21. Ne2 Re8 22. Bxe5 dxe5 23. Rf7 h5 24. Raf1 Rf8 25. Rxf8+ Bxf8 26.
Qg3 Qe8 27. Qxe5 Bg7 28. Qg5 Kh7 29. b3 Qc6 30. Qd2 Qxe4 31. Ng3 Qc6 32.
Qd3 Qd5 33. Qe3 Rf8 34. Re1 e5 35. Qe4 Qxe4 36. Nxe4 Rd8 37. g3 Kg8 38. Kg2
b6 39. Re2 Kf7 40. Rd2 Rxd2+ 41. Nxd2 Ke6 42. c4 Bf8 43. Kf3 Kf5 44. h3 Bb4
45. g4+ hxg4+ 46. hxg4+ Ke6 47. Ne4 a5 48. Nf2 Bc3 49. Ke4 Bd4 50. Nd3 Kd6
51. Kf3 Bc3 52. Ke4 Bd4 53. Kf3 1/2-1/2

[Event "WYb14"]
[Site "Heraklio GRE"]
[Date "2002.11.21"]
[Round "8"]
[White "Romanov,E"]
[Black "Brkic,A"]
[Result "1-0"]
[WhiteElo "2318"]
[BlackElo "2372"]
[EventDate "2002.11.15"]

1. e4 c5 2. Nf3 d6 3. d4 cxd4 4. Nxd4 Nf6 5. Nc3 g6 6. Be3 Bg7 7. f3 O-O 8.
Qd2 Nc6 9. O-O-O Nxd4 10. Bxd4 Be6 11. Kb1 Qc7 12. g4 Rfc8 13. h4 Qa5 14.
a3 Rab8 15. h5 b5 16. h6 Bh8 17. Nd5 Qxd2 18. Rxd2 Nxd5 19. exd5 Bxd5 20.
Bxh8 Bxf3 21. Rh3 Bxg4 22. Rg3 Kxh8 23. Rxg4 Kg8 24. Rd5 Rc5 25. Rgd4 f5
26. b4 Rc3 27. Rd3 Rc7 28. Re3 a6 29. Kb2 Kf7 30. Rc3 Rxc3 31. Kxc3 Rc8+
32. Kb3 Ke6 33. c4 Rd8 34. Rd2 bxc4+ 35. Bxc4+ d5 36. Bxa6 Kd6 37. a4 Rb8
38. a5 g5 39. b5 g4 40. b6 f4 41. Bf1 f3 42. Kb4 g3 43. Kb5 Rg8 44. Bg2 Rf8
45. a6 fxg2 46. Rxg2 Rf2 47. b7 Kc7 48. Rxg3 Rf8 49. Rc3+ Kb8 50. Kb6 1-0

[Event "WYb14"]
[Site "Heraklio GRE"]
[Date "2002.11.21"]
[Round "8"]
[White "Sengupta,D"]
[Black "Fier,A"]
[Result "1-0"]
[WhiteElo "2285"]
[BlackElo "2205"]
[EventDate "2002.11.15"]

1. e4 Nf6 2. e5 Nd5 3. d4 d6 4. Nf3 dxe5 5. Nxe5 Nd7 6. Nf3 g6 7. c4 N5f6
8. Nc3 Bg7 9. Bf4 Nh5 10. Be3 Nhf6 11. Be2 O-O 12. O-O b6 13. d5 Bb7 14.
Nd4 Nc5 15. Qc2 e5 16. Nf3 Ncd7 17. Rfd1 Ne8 18. b4 a5 19. a3 axb4 20. axb4
Rxa1 21. Rxa1 c5 22. dxc6 Bxc6 23. Rd1 Qc7 24. c5 bxc5 25. bxc5 Nef6 26.
Nb5 Bxb5 27. Bxb5 Rb8 28. Ba4 Nf8 29. Bb3 h6 30. h3 g5 31. Nd2 g4 32. h4 g3
33. fxg3 Ng4 34. Qe4 Nxe3 35. Qxe3 Rb4 36. Ne4 Kh8 37. Nd6 Ne6 38. Bxe6
fxe6 39. Ne8 Qe7 40. Nxg7 Qxg7 41. Rd8+ Kh7 42. c6 Rd4 43. Rb8 Kg6 44. Qe2
Qa7 45. h5+ Kf5 46. Rf8+ Kg5 47. Rg8+ Kf6 48. Qf2+ 1-0

[Event "WYb14"]
[Site "Heraklio GRE"]
[Date "2002.11.21"]
[Round "8"]
[White "Rodshtein,M"]
[Black "Bluvshtein,M"]
[Result "1/2-1/2"]
[WhiteElo "2221"]
[BlackElo "2449"]
[EventDate "2002.11.15"]

1. d4 d5 2. c4 e6 3. Nf3 c5 4. cxd5 exd5 5. g3 Nc6 6. Bg2 Nf6 7. O-O Be7 8.
dxc5 Bxc5 9. Bg5 O-O 10. Nc3 Be6 11. Bxf6 Qxf6 12. Nxd5 Qxb2 13. Nc7 Rad8
14. Qc1 Qxc1 15. Rfxc1 b6 16. Nxe6 fxe6 17. a4 h6 18. Rc4 Rd6 19. Re4 Nb4
20. h4 Nd5 21. Bh3 Nc3 22. Rxe6 Rd1+ 23. Rxd1 Nxd1 24. Rc6 Nc3 25. Be6+ Kh7
26. Bc4 Nxa4 27. Bd3+ Kg8 28. Bc4+ Kh7 29. Bd3+ Kg8 30. Bc4+ 1/2-1/2

[Event "WYb14"]
[Site "Heraklio GRE"]
[Date "2002.11.21"]
[Round "8"]
[White "Pancevski,F"]
[Black "Brodowski,P"]
[Result "1-0"]
[WhiteElo "2262"]
[BlackElo "2232"]
[EventDate "2002.11.15"]

1. e4 e6 2. d4 d5 3. Nc3 Nf6 4. Bg5 dxe4 5. Nxe4 Be7 6. Bxf6 Bxf6 7. Nf3
Nd7 8. Bd3 O-O 9. Qe2 b6 10. O-O-O Bb7 11. h4 Qe7 12. Rh3 c5 13. dxc5 Nxc5
14. Nxf6+ Qxf6 15. Kb1 Rac8 16. Ne5 Rfd8 17. h5 Bxg2 18. Re3 Bb7 19. Rg1
Nxd3 20. cxd3 Rd4 21. Reg3 Rc5 22. Rxg7+ Qxg7 23. Rxg7+ Kxg7 24. Qe3 Rdd5
25. d4 Rc7 26. Qg3+ Kf8 27. Ng6+ hxg6 28. Qxc7 Ba6 29. h6 Rxd4 30. h7 Bd3+
31. Kc1 Rc4+ 32. Qxc4 Bxc4 33. h8=Q+ Ke7 34. b3 Bd5 35. Kd2 b5 36. Ke3 1-0

[Event "WYb14"]
[Site "Heraklio GRE"]
[Date "2002.11.22"]
[Round "9"]
[White "Jojua,D"]
[Black "Sengupta,D"]
[Result "1/2-1/2"]
[WhiteElo "2208"]
[BlackElo "2285"]
[EventDate "2002.11.15"]

1. e4 e6 2. d4 d5 3. exd5 exd5 4. Nf3 Bd6 5. c4 c6 6. Nc3 Ne7 7. Be2 O-O 8.
O-O dxc4 9. Bxc4 Nd7 10. Bg5 Nb6 11. Bb3 Kh8 12. Bxe7 Qxe7 13. Qd3 g6 14.
Rfe1 Qc7 15. d5 Bf5 16. Qd4+ f6 17. dxc6 bxc6 18. Ne4 Bxe4 19. Qxe4 c5 20.
Bc4 Nxc4 21. Qxc4 Rab8 22. b3 Rb4 23. Qc3 Rb6 24. Re4 Kg8 25. Rae1 Qf7 26.
g3 Rc8 27. Qc4 Bf8 28. Nd2 Rd8 29. Qc2 Rbd6 30. Nc4 Rd4 31. Qe2 h5 32. Re8
Rxe8 33. Qxe8 h4 34. Qxf7+ Kxf7 35. Kg2 hxg3 36. fxg3 Bg7 37. Re2 Bh6 38.
Rc2 Rd5 39. Re2 Rd4 40. Rc2 Rd5 41. Kf3 Rd4 42. Na5 Bf8 43. Nc4 Bh6 44. Ne3
Bf8 45. Nc4 1/2-1/2